| 000 | 00334nam a22001337a 4500 | ||
|---|---|---|---|
| 020 | _a978-81-8465-612-1 | ||
| 082 | _a230.09591 CHO | ||
| 100 | _aCho, Kuang Kin | ||
| 245 | _aTheological Explorations in Myanmar: Issues and Perspectives | ||
| 260 |
_aDelhi _bISPCK _c2017 |
||
| 300 | _a66 | ||
| 650 | _aTheology-Myanmar | ||
| 942 | _cBK | ||
| 999 |
_c20772 _d20772 |
||